000 00244nam a2200097Ia 4500
001 682825
005 20250826161426.0
008 250824s9999 xx 000 0 und d
245 0 _aAŞKA UYANMAK
_cAHMED GÜNBAY YILDIZ
260 _bTİMAŞ YAYINLARI
999 _c682825
_d682825